Statystyki dla Z jakiej reprezentacji z Mundialu 2022 pochodzi ten piłkarz

Kliknij tutaj aby rozwiązać quiz!

Ogólne statystyki

  • Ten quiz został rozwiązany 234 razy
  • Średni wynik to 17 z 32

Statystyki odpowiedzi

HintOdpowiedź% Poprawnych
Krzysztof PiątekPolska
100%
Timo WernerNiemcy
90%
Harry MaguireAnglia
80%
Guillermo OchoaMeksyk
75%
DaniloBrazylia
74%
Kang-in LeeKorea Południowa
70%
Matteo GuendouziFrancja
65%
Michi BatshuayiBelgia
63%
Breel EmboloSzwajcaria
63%
Martin BraithwaiteDania
61%
Daniel JamesWalia
60%
Luka SucicChorwacja
58%
Inaki WilliamsGhana
58%
Jose GayaHiszpania
58%
Nahuel MolinaArgentyna
56%
Ivan IlicSerbia
56%
Lucas TorreiraUrugwaj
52%
VitinhaPortugalia
51%
Giovanni ReynaStany Zjednoczone
51%
Jean OnanaKamerun
50%
Remko PasveerHolandia
48%
Almoez AliKatar
46%
Amine HaritMaroko
38%
Moussa NiakhateSenegal
37%
Mohamed KannoArabia Saudyjska
35%
Milos DegenekAustralia
31%
Oscar DuarteKostaryka
30%
Jeremy SarmientoEkwador
27%
Saman GhoddosIran
26%
Naim SlitiTunezja
26%
Daniel SchmidtJaponia
19%
Ismael KoneKanada
19%

Rozkład punktacji

Percentyl według liczby udzielonych odpowiedzi

Procent ludzi z każdym wynikiem

Twoja historia wyników

Nie rozwiązałeś tego quizu